ਸੰਚਾਰ, ਤਕਨੀਕ ਤੇ ਮਲਟੀਮੀਡੀਆ / (Record no. 71168)
[ view plain ]
| 000 -LEADER | |
|---|---|
| fixed length control field | 01035nam a22002417a 4500 |
| 005 - DATE AND TIME OF LATEST TRANSACTION | |
| control field | 20130605124158.0 |
| 008 - FIXED-LENGTH DATA ELEMENTS--GENERAL INFORMATION | |
| fixed length control field | 090728t xxu||||| |||| 00| 0 pun d |
| 010 ## - LCCN (DPL NO) | |
| LC control number | PUN-7451 B-493904-908 |
| 020 ## - INTERNATIONAL STANDARD BOOK NUMBER | |
| Terms of availability | 475.00 |
| International Standard Book Number | 8187654237X |
| 035 ## - SYSTEM CONTROL NUMBER | |
| System control number | PN-6569 B-493904-908 |
| 037 ## - SOURCE OF ACQUISITION | |
| Source of stock number/acquisition | DBAD / PUB/Manpreet Prakashan |
| 037 ## - SOURCE OF ACQUISITION | |
| Source of stock number/acquisition | BPPD/KKP |
| 040 ## - CATALOGING SOURCE | |
| Original cataloging agency | dpl |
| Language of cataloging | PN |
| 082 ## - DEWEY DECIMAL CLASSIFICATION NUMBER | |
| Classification number | 621.38 |
| 100 ## - MAIN ENTRY--PERSONAL NAME | |
| 9 (RLIN) | 37323 |
| Personal name | ਥਾਪਰ,ਪ੍ਰਿਥਵੀ ਰਾਜ |
| 245 ## - TITLE STATEMENT | |
| Title | ਸੰਚਾਰ, ਤਕਨੀਕ ਤੇ ਮਲਟੀਮੀਡੀਆ / |
| Statement of responsibility, etc | ਪ੍ਰਿਥਵੀ ਰਾਜ ਥਾਪਰ |
| 246 ## - VARYING FORM OF TITLE | |
| Title proper/short title | Bind |
| Remainder of title | by Iqbal Deep |
| 260 ## - PUBLICATION, DISTRIBUTION, ETC. (IMPRINT) | |
| Place of publication, distribution, etc | Delhi |
| Name of publisher, distributor, etc | Manpreet Prakashan |
| Date of publication, distribution, etc | 2012 |
| 270 ## - ADDRESS | |
| City | 16/16,1st Floor,Geeta Colony |
| Address | Delhi |
| Telephone number | 9312271252 |
| Postal code | 110031 |
| Electronic mail address | manpreet1948@gmail.com |
| 300 ## - PHYSICAL DESCRIPTION | |
| Extent | 96ਪਂ; |
| Other physical details | 17ਸੇਂਮੀ(ਸਜਿਲਦ) |
| 942 ## - ADDED ENTRY ELEMENTS (KOHA) | |
| Source of classification or shelving scheme | Dewey Decimal Classification |
| Item type | Punjabi Bks |
| Classification part | 851 |
| Call number suffix | ਥਾਪਰ |
| Withdrawn status | Lost status | Source of classification or shelving scheme | Damaged status | Not for loan | Collection code | Home library | Current library | Date acquired | Source of acquisition | Cost, normal purchase price | Total Checkouts | Full call number | Barcode | Date last seen | Copy number | Cost, replacement price | Koha item type |
|---|---|---|---|---|---|---|---|---|---|---|---|---|---|---|---|---|---|
| Dewey Decimal Classification | Non-fiction | Central Library | Central Library | 05/06/2013 | BPPD/162/21.2.13/2963/8.3.13/13.3.13 | 475.00 | 851 ਥਾਪਰ | B-493904 | 05/06/2013 | 1 | 475.00 | Punjabi Bks | |||||
| Dewey Decimal Classification | Non-fiction | D.B.Act.Division | D.B.Act.Division | 31/10/2012 | DBAD / PUB | 475.00 | 851 ਥਾਪਰ | PN-6569 | 31/10/2012 | 1 | 475.00 | Punjabi Bks | |||||
| Dewey Decimal Classification | Non-fiction | Mobile Library | Mobile Library | 05/06/2013 | BPPD/162/21.2.13/2963/8.3.13/13.3.13 | 475.00 | 851 ਥਾਪਰ | B-493905 | 05/06/2013 | 1 | 475.00 | Punjabi Bks | |||||
| Dewey Decimal Classification | Non-fiction | Mobile Library | Mobile Library | 05/06/2013 | BPPD/162/21.2.13/2963/8.3.13/13.3.13 | 475.00 | 851 ਥਾਪਰ | B-493906 | 05/06/2013 | 1 | 475.00 | Punjabi Bks | |||||
| Written-off vide DLB M. No. 383 dt 16.05.19 | Dewey Decimal Classification | Non-fiction | Sriniwas Puri | Sriniwas Puri | 05/06/2013 | BPPD/162/21.2.13/2963/8.3.13/13.3.13 | 475.00 | 851 ਥਾਪਰ | B-493908 | 05/06/2013 | 1 | 475.00 | Punjabi Bks | ||||
| Dewey Decimal Classification | Non-fiction | Tri Nagar | Tri Nagar | 05/06/2013 | BPPD/162/21.2.13/2963/8.3.13/13.3.13 | 475.00 | 851 ਥਾਪਰ | B-493907 | 05/06/2013 | 1 | 475.00 | Punjabi Bks |
